Statistics for Harry Potter Trivia quiz

Click here to take the quiz!

General Stats

  • This quiz has been taken 32 times
  • The average score is 12 of 15

Answer Stats

QuestionAnswer% Correct
Who is Harry Potter's Godfather?Sirius Black
100%
Who does Hermoine Granger go with to the Yule Ball?Viktor Krum
96%
What platform is used to board The Hogwarts Express?9 3/4
93%
What is Harry Potter's owl's name?Hedwig
93%
What piece of clothing does Harry give Dobby?Sock
89%
Who killed Sirius Black?Bellatrix Lestrange
86%
Where is the entrance to the Chamber of SecretsGirls' bathroom
86%
What position does Harry play in Quidditch?Seeker
86%
Who was Harry’s first kissCho Chang
82%
Who killed Nagini?Neville Longbottom
82%
Who/What is Ron scared of the most?Spiders
82%
What is Neville Longbottom's frog's name?Trevor
82%
How many children does Molly Weasley have?7
75%
What house is Luna Lovegood in?Ravenclaw
75%
What is the most used spell in all Harry Potter movies?Stupefy
14%

Score Distribution

Percentile by Number Answered

Percent of People with Each Score

Your Score History

You have not taken this quiz